Statistics for Largest cities in Kansas

Click here to take the quiz!

General Stats

  • This quiz has been taken 9 times
  • The average score is 4 of 6

Answer Stats

Answer % Correct
Topeka
100%
Wichita
89%
Kansas City
89%
Overland Park
67%
Olathe
67%
Lawrence
33%

Score Distribution

Percentile by Number Answered

Percent of People with Each Score

Your Score History

You have not taken this quiz